|
|
|
|
| LEADER |
01139cam a2200277 a 4500 |
| 001 |
16006385 |
| 003 |
GR-PaULI |
| 005 |
20210117211030.0 |
| 008 |
091203r20112010nyu b 001 0 eng |
| 952 |
|
|
|0 0
|1 0
|2 ddc
|4 0
|6 170_000000000000000_DEI
|7 0
|9 238610
|a LISP
|b LISP
|c BSC
|d 2020-01-24
|i 136126
|l 0
|o 170 DEI
|p 025000266499
|r 2020-01-24 00:00:00
|t 1
|v 2020.00
|w 2020-01-24
|y BK15
|
| 999 |
|
|
|c 144128
|d 144128
|
| 010 |
|
|
|a 2009050368
|
| 020 |
|
|
|a 9780521772464 (σκληρό εξώφυλλο)
|
| 020 |
|
|
|a 9780521775977 (χαρτόδετο)
|
| 040 |
|
|
|a DLC
|c GR-PaULI
|d
|b gre
|e AACR2
|
| 082 |
0 |
4 |
|a 170
|2 23
|
| 100 |
1 |
|
|a Deigh, John
|9 179662
|e συγγραφέας.
|
| 245 |
1 |
3 |
|a An introduction to ethics /
|c John Deigh.
|
| 260 |
|
|
|a New York :
|b Cambridge University Press,
|c 2010 [reprint 2011].
|
| 300 |
|
|
|a xii, 241 σ. ;
|c 26 εκ.
|
| 490 |
1 |
|
|a Cambridge introductions to philosophy
|
| 504 |
|
|
|a Περιλαμβάνει βιβλιογραφικές παραπομπές και ευρετήριο.
|
| 650 |
|
4 |
|a Ηθική
|9 164
|
| 830 |
|
|
|9 179663
|a Cambridge introductions to philosophy
|
| 942 |
|
|
|2 ddc
|c BK15
|
| 998 |
|
|
|c ΜΠΟΥΡΑΣ
|d 2020-01
|